000 00321 a2200157 4500
001 60340
020 _a
040 _cAnchieta - Pituba
100 _aAlencar, José de
240 1 0 _aObra Completa
_lpor
245 1 0 _aObra Completa
300 _a1342
362 0 _a1965
650 4 _aFicção brasileira
942 _cBK
999 _c60340
_d60340